| 000 | 01086nam a22002657a 4500 | ||
|---|---|---|---|
| 005 | 20150901113253.0 | ||
| 010 | _aENG-113430 | ||
| 020 |
_a0199453616 _c750.00 |
||
| 020 |
_a9780199453610 _c750.00 |
||
| 035 | _aEN-96962 | ||
| 037 | _bDBAD/PUB | ||
| 082 | _a305.23088297 | ||
| 100 | _aTabassum Ruhi Khan | ||
| 245 |
_aBeyond hybridity and fundamentalism : _cby Tabassum Ruhi Khan _bemerging Muslim identity in globalized India / |
||
| 260 |
_aNew Delhi _bOxford University Press _c2015 |
||
| 270 |
_aYMCA Library Building, 1 Jai Singh Road _bNew Delhi _e110001 |
||
| 300 |
_a217p. _c23cm(Hb) |
||
| 500 | _a Includes bibliographical references (pages 190-211) and index. | ||
| 520 | _aStudy conducted among Muslim youth in Jamia Nagar, New Delhi, India. | ||
| 650 |
_aMuslim youth _zIndia _zNew Delhi. |
||
| 650 |
_a Muslim youth _xEffect of technological innovations on _zIndia _zNew Delhi. |
||
| 650 |
_a Identity (Psychology) in adolescence _zIndia _zNew Delhi. |
||
| 650 |
_aMass media and youth _zIndia _zNew Delhi. |
||
| 942 |
_2ddc _cEN _mTAB _h305.23088297 |
||
| 999 |
_c94812 _d94812 |
||